|
|
|
|
| LEADER |
01452nam a22003974a 4500 |
| 001 |
EBC485757 |
| 003 |
MiAaPQ |
| 005 |
20200520144314.0 |
| 006 |
m o d | |
| 007 |
cr cn||||||||| |
| 008 |
041012s2005 nju sb 000 0 eng |
| 010 |
|
|
|z 2004061698
|
| 020 |
|
|
|z 0691122563 (alk. paper)
|
| 035 |
|
|
|a (MiAaPQ)EBC485757
|
| 035 |
|
|
|a (Au-PeEL)EBL485757
|
| 035 |
|
|
|a (CaPaEBR)ebr10367256
|
| 035 |
|
|
|a (CaONFJC)MIL253162
|
| 035 |
|
|
|a (OCoLC)593340478
|
| 040 |
|
|
|a MiAaPQ
|c MiAaPQ
|d MiAaPQ
|
| 043 |
|
|
|a e-uk-st
|
| 050 |
|
4 |
|a HC257.S4
|b N45 2005
|
| 082 |
0 |
4 |
|a 330.9411
|2 22
|
| 245 |
0 |
0 |
|a New wealth for old nations
|h [electronic resource] :
|b Scotland's economic prospects /
|c edited by Diane Coyle, Wendy Alexander, and Brian Aschroft.
|
| 246 |
3 |
0 |
|a Scotland's economic prospects
|
| 260 |
|
|
|a Princeton, [N.J.] :
|b Princeton University Press,
|c c2005.
|
| 300 |
|
|
|a ix, 244 p.
|
| 504 |
|
|
|a Includes bibliographical references.
|
| 533 |
|
|
|a Electronic reproduction. Ann Arbor, MI : ProQuest, 2015. Available via World Wide Web. Access may be limited to ProQuest affiliated libraries.
|
| 650 |
|
0 |
|a Regional economics.
|
| 651 |
|
0 |
|a Scotland
|x Economic policy.
|
| 655 |
|
4 |
|a Electronic books.
|
| 700 |
1 |
|
|a Coyle, Diane.
|
| 700 |
1 |
|
|a Alexander, Wendy.
|
| 700 |
1 |
|
|a Aschroft, Brian,
|d 1947-
|
| 710 |
2 |
|
|a ProQuest (Firm)
|
| 856 |
4 |
0 |
|u https://ebookcentral.proquest.com/lib/matrademy/detail.action?docID=485757
|z Click to View
|